01273nam a2200337 a 450000500170000000800360001702000150005304100080006809200210007610000280009724500560012525000210018126000460020230000110024850001010025965300280036065300280038865300330041665300400044965300200048965300320050965300130054165300260055465300310058065300310061165300460064265300570068894200120074599900150075795201630077220240412115250.0100701t1996||||ag f s sp spa d a9507245758 aspa c302.072l77sSAB1 aSabino, Carlos A.93034 3aEl proceso de investigación / cCarlos A. Sabino a1a ed. 3a reimp. aBuenos Aires: bLumen ; Humanitas;c1996. a239 p. aSabino, C. A. (1996). El proceso de investigación. (1a ed.). Buenos Aires : Lumen ; Humanitas. aConocimiento cientifico aConocimiento y método aInvestigación científica aPlanteamiento de la investigación aMarco teórico aDiseño de investigación aMuestreo aIndicadores e indices aRecolección de los datos aProcesamiento de los datos aAnálisis y síntesis de los resultados aMetodología de la investigación y su enseñanza 2ddccBK c2242d2242 00102ddc4070aBFMbBFMcCRd2016-03-16eDonación marzo 2016l1o300.72 77 SABp3636r2016-03-28s2016-03-28tEj. 1w2016-03-16yBKzDonación marzo 2016